Law of elections and election petitions (Record no. 364128)

000 -LEADER
fixed length control field 00394cam a22001457a 4500
008 - FIXED-LENGTH DATA ELEMENTS--GENERAL INFORMATION
fixed length control field 180718b1962 xxu||||| |||| 00| 0 eng d
082 ## - DEWEY DECIMAL CLASSIFICATION NUMBER
Classification number F803x54 D651
100 ## - MAIN ENTRY--PERSONAL NAME
Personal name Doabia, H.S.
245 ## - TITLE STATEMENT
Title Law of elections and election petitions
Statement of responsibility, etc. by H.S. Doabia
250 ## - EDITION STATEMENT
Edition statement 3rd ed.
260 ## - PUBLICATION, DISTRIBUTION, ETC.
Place of publication, distribution, etc. Agra
Name of publisher, distributor, etc. Wadhwa
Date of publication, distribution, etc. 1962
300 ## - PHYSICAL DESCRIPTION
Extent 849p.
500 ## - GENERAL NOTE
General note Contents: vol. 1 & 2
650 ## - SUBJECT ADDED ENTRY--TOPICAL TERM
Topical term or geographic name entry element Election law --India
Holdings
Withdrawn status Lost status Damaged status Not for loan Permanent Location Current Location Date acquired Full call number Barcode Date last seen Price effective from Koha item type
        Indian Institute of Public Administration Indian Institute of Public Administration 1994-04-06 F803x54 D651 32192 2018-07-21 2018-07-21 Book

Powered by Koha